01145nam a2200265 a 450000100100000000500170001000800410002702000150006804000250008304100380010808200150014610000260016124000780018724501400026526000380040530000260044349000420046950000420051153401020055370000300065583000490068504900090073495201190074399900170086200002646220200930030233.0110318s1986 ag a r 000 0 spa d a9684093632 aDO-SdBNPbspacBNPHU17aspaheng2Código de idioma MARC axxxbG778e1 aGray, Colin S.95352210aStrategic studies and public policy, the American experience.lEspañol.10aEstudios sobre estrategia :bla experiencia de EUA en un mundo amenazado por la guerra /cColin S. Gray ; traducción de Ela Gedovius. aMéxico, D. F. :bEDAMEX,c1986. a231, [5] p. ;c20 cm.1 aLos libros hacen libres a los hombres aIncluye notas al pie de las páginas aTítulo del original en inglés:tStrategic studies and public policy, the American experience.1 aGedovius, Elaetr.953523 0aLos libros hacen libres a los hombres947738 aBNGR 001054708MOaGRbGRcCTd2011-03-18iLF1l0oxxx G778ep26462-10r2020-06-25w2020-06-25y4ZPréstamo en sala c25954d25954